000 00783cab a2200181 4500
001 ##L133182
008 060419n2006 000 0 eng u
035 _a(Sirsi) u133182
041 0 _aeng
100 1 _aTowler, Andrew
245 0 0 _aWell covered
260 _c2006
490 0 _aSolicitors' Journal
_v150(13) 7 April 2006, 416-418(2)
520 _aLooks at the legal indemnity options for conveyancers in a rapidly changing housing market. Outlines specialist insurance policies such as title insurance and search insurance. Concludes that the stabilising of the property market has had a positive effect on the legal indemnities insurance market.
590 _aIKA250406
690 _aMANAGEMENT-BUSINESS MANAGEMENT-INSURANCE-PROFESSIONAL INDEMNITY INSURANCE
942 _n0
999 _c76848
_d76848